000 00306nam a2200097Ia 4500
082 _a700 SMIT
245 0 _aThe artist's handbook : [equipment, materials, procedures, techniques]
100 _a SMITH, Ray London, 2003 Revised ed
_992899
942 _cBK
008 210817s9999 xx 000 0 und d
999 _c379256
_d379255